Statistics for Albanian Speaking Countries

Click here to take the quiz!

General Stats

  • This quiz has been taken 187 times
  • The average score is 6 of 7

Answer Stats

Answer% Correct
Kosovo
99%
Albania
98%
Montenegro
94%
Rep. of Macedonia
93%
Serbia
93%
Italy
81%
Romania
53%

Score Distribution

Percentile by Number Answered

Percent of People with Each Score

Your Score History

You have not taken this quiz